¿Quién encuentra al Mono en la selva?
Uloženo v:
| Hlavní autor: | |
|---|---|
| Další autoři: | , , |
| Médium: | Kniha |
| Vydáno: |
Ciudad Autónoma de Buenos Aires, Argentina:
Planeta Junior,
2020.
|
| Vydání: | 3a ed. |
| Témata: | |
| Tagy: |
Přidat tag
Žádné tagy, Buďte první, kdo vytvoří štítek k tomuto záznamu!
|
MARC
| LEADER | 00000nam a22000007a 4500 | ||
|---|---|---|---|
| 003 | CL-VaPUC | ||
| 005 | 20240529102729.0 | ||
| 008 | 240429t2020 ||||| |||| 00| 0 eng d | ||
| 999 | |c 443654 |d 443652 | ||
| 020 | |a 978-950-49-5291-6 | ||
| 040 | |c Pontificia Universidad Católica de Valparaíso | ||
| 082 | 7 | |a 793.7 MAIm 2020 |2 22 | |
| 100 | 1 | |a Maidment, Stella |e autora |9 888709 | |
| 245 | |a ¿Quién encuentra al Mono en la selva? | ||
| 250 | |a 3a ed. | ||
| 260 | |a Ciudad Autónoma de Buenos Aires, Argentina: |b Planeta Junior, |c 2020. | ||
| 300 | |a sin paginación; ilustraciones. | ||
| 500 | |a c.1 Donación Paola Cárdenas (vecina curauma). Memo 17-04-2024 | ||
| 583 | |c 20240429 |k Catalogador Asistente | ||
| 650 | 0 | |a Libros ilustrados infantiles |9 888750 |v Material didáctico |x Animales salvajes | |
| 700 | |a Dreidemy, Joelle |e ilustraciones |9 888710 | ||
| 700 | |a Garton, Mike |e ilustraciones |9 888721 | ||
| 700 | |a Ferrari, María José |e traducción al español |9 888754 | ||
| 942 | |2 ddc |c BK | ||
| 952 | |0 0 |1 0 |2 ddc |4 0 |6 793_700000000000000_MAIM_2020 |7 0 |8 C |9 594308 |a BIBCUR |b BIBCUR |d 2024-04-30 |e Donación |i 5660012 |l 4 |o 793.7 MAIm 2020 |p 5660012 |r 2025-04-22 |s 2025-03-11 |t 1 |w 2024-04-30 |y BK |k CAC | ||